[Event "BCF-chT3N 1415 (4NCL)"]
[Site "England"]
[Date "2015.01.11"]
[Round "4.190"]
[White "Prasath, Malola TS"]
[Black "Reeve, Andy K"]
[Result "1-0"]
[WhiteElo "2059"]
[BlackElo "2051"]
[PlyCount "105"]
[EventDate "2014.11.15"]
[EventType "team-swiss"]
[EventRounds "6"]
[EventCountry "ENG"]
[SourceTitle "EXT 2016"]
[Source "ChessBase"]
[SourceDate "2015.10.08"]
[SourceVersion "1"]
[SourceVersionDate "2015.10.08"]
[SourceQuality "1"]
[WhiteTeam "North East England II"]
[BlackTeam "Manchester Manticores"]
[WhiteTeamCountry "ENG"]
[BlackTeamCountry "ENG"]

1. e4 d6 2. Nf3 Nf6 3. Nc3 c6 4. d4 Bg4 5. h3 Bh5 6. Bd3 e6 7. a4 d5 8. e5 Nfd7 9. g4 Bg6 10. a5 a6 11. Ne2 c5 12. c3 Nc6 13. Bg5 Be7 14. Bxe7 Qxe7 15. Nf4 cxd4 16. Bxg6 hxg6 17. cxd4 Qb4+ 18. Qd2 Rc8 19. Nd3 Qxd2+ 20. Kxd2 Ke7 21. h4 Rh6 22. Rhc1 Rhh8 23. Rc3 Na7 24. Rac1 Rc6 25. Rb3 Rb8 26. Nb4 Rxc1 27. Kxc1 Nb5 28. Kd2 Rc8 29. Nc2 Nb8 30. Na3 Nc6 31. Nxb5 axb5 32. Rxb5 Rc7 33. b4 Na7 34. Rc5 Rxc5 35. dxc5 Nc6 36. Kc3 Kd7 37. h5 gxh5 38. gxh5 Ke7 39. Nd4 Nxe5 40. b5 Kd7 41. f4 Ng4 42. c6+ bxc6 43. Nxc6 Kc7 44. Kd4 Nf6 45. f5 Ne4 46. Nb4 Nd6 47. Na6+ Kc8 48. f6 gxf6 49. Kc5 Nf5 50. Nb4 d4 51. a6 e5 52. b6 d3 53. b7+ 1-0

[Event "BCF-chT3N 1415 (4NCL)"]
[Site "England"]
[Date "2015.01.10"]
[Round "3.191"]
[White "Shaw, Robert"]
[Black "Prasath, Malola TS"]
[Result "1-0"]
[WhiteElo "2203"]
[BlackElo "2059"]
[PlyCount "103"]
[EventDate "2014.11.15"]
[EventType "team-swiss"]
[EventRounds "6"]
[EventCountry "ENG"]
[SourceTitle "EXT 2016"]
[Source "ChessBase"]
[SourceDate "2015.10.08"]
[SourceVersion "1"]
[SourceVersionDate "2015.10.08"]
[SourceQuality "1"]
[WhiteTeam "Cheddleton II"]
[BlackTeam "North East England II"]
[WhiteTeamCountry "ENG"]
[BlackTeamCountry "ENG"]

1. d4 Nc6 2. Nf3 d5 3. e3 Bg4 4. Be2 Nf6 5. 0-0 Bxf3 6. Bxf3 e5 7. c4 e4 8. Be2 Bd6 9. cxd5 Nxd5 10. Nc3 Qh4 11. g3 Nxc3 12. bxc3 Qe7 13. Rb1 Nd8 14. c4 c6 15. c5 Bc7 16. d5 Qxc5 17. dxc6 bxc6 18. Qa4 f5 19. Ba3 Qa5 20. Qb3 Rb8 21. Bb4 Qe5 22. Qa3 a5 23. Bc3 Qd6 24. Qxd6 Bxd6 25. Bxa5 Ne6 26. Rxb8+ Bxb8 27. Bc4 Ng5 28. Rb1 Nf3+ 29. Kg2 Ke7 30. Rb7+ Kf6 31. Rf7+ Kg6 32. Re7 Be5 33. Re6+ Bf6 34. Rxc6 Ne5 35. Rc5 Ra8 36. Be6 Re8 37. Bb3 Nd3 38. Rc6 Ne5 39. Rc7 Rd8 40. h3 h5 41. Rc1 Ra8 42. Bc7 Nd3 43. Rc6 Nb4 44. Rc5 Be7 45. Re5 Bf6 46. Rb5 Nxa2 47. Be6 Nc3 48. Bxf5+ Kf7 49. Rb7 Kg8 50. h4 g5 51. hxg5 Bxg5 52. Be5 1-0

[Event "BCF-chT3 1314 (4NCL)"]
[Site "England"]
[Date "2014.05.04"]
[Round "10.60"]
[White "Shepley, Julien M"]
[Black "Prasath, Malola TS"]
[Result "1/2-1/2"]
[WhiteElo "1991"]
[BlackElo "2052"]
[PlyCount "46"]
[EventDate "2013.11.16"]
[EventType "team-swiss"]
[EventRounds "11"]
[EventCountry "ENG"]
[SourceTitle "EXT 2015"]
[Source "ChessBase"]
[SourceDate "2014.11.20"]
[SourceVersion "1"]
[SourceVersionDate "2014.11.20"]
[SourceQuality "1"]
[WhiteTeam "Guildford III"]
[BlackTeam "North East England"]
[WhiteTeamCountry "ENG"]
[BlackTeamCountry "ENG"]

1. e4 Nc6 2. d4 e5 3. Nf3 exd4 4. Bc4 d6 5. c3 d3 6. Qb3 Qe7 7. 0-0 Ne5 8. Nxe5 dxe5 9. Bxd3 Nf6 10. Nd2 c6 11. Nc4 Be6 12. a4 Rd8 13. Bc2 Qc7 14. Bg5 h6 15. Bh4 Be7 16. Bg3 Bxc4 17. Qxc4 0-0 18. Qe2 Rd7 19. f4 Bd6 20. fxe5 Bxe5 21. Rxf6 gxf6 22. Qg4+ Kh7 23. Qf5+ Kg8 1/2-1/2

[Event "BCF-chT3 1112 (4NCL)"]
[Site "England"]
[Date "2012.05.07"]
[Round "11.68"]
[White "Tart, Peter K"]
[Black "Prasath, Malola TS"]
[Result "0-1"]
[WhiteElo "1972"]
[BlackElo "2082"]
[PlyCount "120"]
[EventDate "2011.11.12"]
[EventType "team-swiss"]
[EventRounds "11"]
[EventCountry "ENG"]
[SourceTitle "EXT 2013"]
[Source "ChessBase"]
[SourceDate "2012.11.22"]
[SourceVersion "1"]
[SourceVersionDate "2012.11.22"]
[SourceQuality "1"]
[WhiteTeam "AMCA Rhinos"]
[BlackTeam "North East England"]
[WhiteTeamCountry "ENG"]
[BlackTeamCountry "ENG"]

1. e4 Nc6 2. Nf3 d6 3. d4 g6 4. Be3 Bg7 5. Nc3 a6 6. Qd2 Nf6 7. Bh6 0-0 8. Rd1 Bg4 9. Be2 Bxf3 10. gxf3 e5 11. Bxg7 Kxg7 12. dxe5 dxe5 13. Qg5 Qe7 14. 0-0 h6 15. Qe3 Nh5 16. Nd5 Qh4 17. f4 Nxf4 18. Nxf4 exf4 19. Qc3+ Qf6 20. Qxf6+ Kxf6 21. Rd7 Rac8 22. f3 Ne5 23. Rd5 g5 24. Rfd1 Rfe8 25. Kf2 h5 26. h3 Re6 27. c3 Ke7 28. Rg1 Rg8 29. Rgd1 Kf6 30. R5d4 Ke7 31. Rd5 f6 32. Rc5 c6 33. Bc4 Rd8 34. Rxd8 Kxd8 35. Bxe6 Nd3+ 36. Ke2 Nxc5 37. Bf7 Na4 38. Kd3 Ke7 39. Bxh5 Kd6 40. Kd4 b5 41. Kd3 Nxb2+ 42. Kc2 Nc4 43. Bg6 a5 44. Bh5 Kc5 45. Bf7 Ne5 46. Bh5 b4 47. Kb3 Nd3 48. Bg4 Nf2 49. Be6 Nd3 50. Bf7 Ne5 51. Bh5 a4+ 52. Kc2 Kc4 53. cxb4 Kxb4 54. Kd2 Ka3 55. Kc2 Kb4 56. Kd2 Ka3 57. Kc2 Kxa2 58. Bg4 Nxg4 59. hxg4 Ka3 60. Kc3 c5 0-1